[Event "POR-ch (Women)"]
[Site "Lisbon"]
[Date "2002.07.23"]
[Round "4.1"]
[White "Carvalho, Alda"]
[Black "Baptista, Ana Filipa"]
[Result "1-0"]
[WhiteElo "2008"]
[BlackElo "1757"]
[PlyCount "57"]
[EventDate "2002.07.20"]
[EventType "swiss"]
[EventRounds "7"]
[EventCountry "POR"]
[SourceTitle "CBM 089 Extra"]
[Source "ChessBase"]
[SourceDate "2002.09.10"]
[SourceVersion "2"]
[SourceVersionDate "2002.09.10"]
[SourceQuality "1"]

1. d4 Nf6 2. Bg5 c5 3. Bxf6 gxf6 4. d5 Qb6 5. Qc1 d6 6. Nd2 Bh6 7. e3 Nd7 8. a4 Rg8 9. a5 Qc7 10. f4 f5 11. Qd1 Bg7 12. c3 Nf6 13. Qf3 Bd7 14. Bd3 Rb8 15. Ne2 b5 16. axb6 axb6 17. Ng3 e6 18. dxe6 fxe6 19. e4 Bc6 20. Qe2 fxe4 21. Ndxe4 Nd5 22. 0-0 b5 23. Ng5 e5 24. Bxh7 Rh8 25. Qh5+ Kd7 26. Bf5+ Kd8 27. Ne6+ Ke7 28. Nxc7 Rxh5 29. Nxd5+ 1-0

[Event "POR-ch (Women)"]
[Site "Lisbon"]
[Date "2002.07.21"]
[Round "2.4"]
[White "Carvalho, Alda"]
[Black "Meireles, Ana Maria Queiros"]
[Result "1-0"]
[WhiteElo "2008"]
[BlackElo "1130"]
[PlyCount "53"]
[EventDate "2002.07.20"]
[EventType "swiss"]
[EventRounds "7"]
[EventCountry "POR"]
[SourceTitle "CBM 089 Extra"]
[Source "ChessBase"]
[SourceDate "2002.09.10"]
[SourceVersion "2"]
[SourceVersionDate "2002.09.10"]
[SourceQuality "1"]

1. d4 d5 2. Bf4 Nc6 3. e3 Bf5 4. Nf3 Nf6 5. h3 e6 6. Bb5 Bb4+ 7. c3 Ba5 8. Ne5 0-0 9. Bxc6 bxc6 10. Nxc6 Qd7 11. Nxa5 Be4 12. 0-0 Qb5 13. Nb3 Nh5 14. Qxh5 g6 15. Qe5 Bxb1 16. Raxb1 f6 17. Qxe6+ Kh8 18. Nc5 Rae8 19. Qxd5 g5 20. Bxc7 Re7 21. c4 Qb4 22. a3 Qd2 23. Bd6 Rd8 24. Ne4 Qc2 25. Nxg5 fxg5 26. Be5+ Rg7 27. Qxd8# 1-0

[Event "Lisbon-ch fin"]
[Site "Lisbon"]
[Date "2002.??.??"]
[Round "1"]
[White "Carvalho, Alda"]
[Black "Cruz, Paulo A Pereira"]
[Result "1-0"]
[WhiteElo "2039"]
[BlackElo "2034"]
[PlyCount "125"]
[EventDate "2002.??.??"]
[EventType "tourn"]
[EventRounds "11"]
[EventCountry "POR"]
[SourceTitle "EXT 2003"]
[Source "ChessBase"]
[SourceDate "2002.11.25"]
[SourceVersion "1"]
[SourceVersionDate "2002.11.25"]
[SourceQuality "1"]

1. d4 d6 2. e4 Nf6 3. Nc3 e5 4. Nf3 Nbd7 5. Bc4 Be7 6. 0-0 0-0 7. Bg5 c6 8. a4 exd4 9. Qxd4 d5 10. exd5 Nxd5 11. Bxe7 Nxe7 12. Rad1 Ng6 13. Ne4 Qc7 14. Rfe1 Nde5 15. Nxe5 Nxe5 16. Bb3 Bg4 17. Qd6 Qa5 18. Qd2 Qc7 19. Qd6 Qa5 20. Qd2 Qc7 21. Ra1 h6 22. Qc3 Ng6 23. h3 Bd7 24. Rad1 Rae8 25. Nd6 Rxe1+ 26. Qxe1 Nf4 27. Qe7 Ne6 28. Nxb7 Bc8 29. Qxc7 Nxc7 30. Na5 c5 31. Nc6 a6 32. Ne7+ Kh7 33. Nxc8 Rxc8 34. Bxf7 Ne8 35. Bc4 a5 36. Rd7 Nf6 37. Ra7 Kg6 38. Rxa5 Kg5 39. Ra7 Ne8 40. g3 Nd6 41. h4+ Kf6 42. Ra6 Ke5 43. f4+ Kd4 44. Rxd6+ Kxc4 45. a5 Rb8 46. Rb6 Ra8 47. a6 Kd4 48. Kf2 Ra7 49. Kf3 h5 50. Rd6+ Kc4 51. Ke4 Rf7 52. Rb6 Ra7 53. Kf5 Kd4 54. Re6 Kd5 55. Rb6 Kd4 56. Re6 Kc4 57. Kg5 Kd5 58. Rb6 c4 59. Kxh5 Kc5 60. Re6 Kd5 61. f5 c3 62. bxc3 Kc4 63. Kg6 1-0

[Event "POR-ch57"]
[Site "Lisbon"]
[Date "2001.09.05"]
[Round "5.12"]
[White "Alemao, Hermenegildo"]
[Black "Carvalho, Alda"]
[Result "1/2-1/2"]
[WhiteElo "2000"]
[BlackElo "2047"]
[PlyCount "109"]
[EventDate "2001.09.05"]
[EventType "swiss"]
[EventRounds "9"]
[EventCountry "POR"]
[SourceTitle "EXT 2002"]
[Source "ChessBase"]
[SourceDate "2001.11.25"]
[SourceVersion "1"]
[SourceVersionDate "2001.11.25"]
[SourceQuality "1"]

1. e4 d6 2. d4 Nf6 3. Nc3 c6 4. Bd3 e5 5. dxe5 dxe5 6. Nf3 Qc7 7. Bg5 Be7 8. Qe2 Be6 9. 0-0-0 Nbd7 10. Bc4 Nc5 11. Bxe6 Nxe6 12. Bxf6 Bxf6 13. g3 0-0 14. Qe3 b5 15. h4 Rfd8 16. Ne2 Qa5 17. Kb1 Qb6 18. Qxb6 axb6 19. c3 Nc5 20. Nd2 Rd7 21. b4 Nd3 22. Nb3 Rad8 23. f3 c5 24. Nbc1 c4 25. Kc2 Be7 26. a3 g6 27. Kb1 Ra7 28. Nxd3 cxd3 29. Nc1 d2 30. Nb3 Rxa3 31. Kb2 Ra7 32. Rxd2 Rxd2+ 33. Nxd2 Rd7 34. Kc2 f5 35. g4 fxg4 36. fxg4 h6 37. h5 gxh5 38. Rxh5 Bg5 39. Nf3 Bf4 40. Nxe5 Rd2+ 41. Kb3 Rg2 42. Nd3 Bg5 43. Ne5 Rg3 44. Rh2 Bf6 45. Nd7 Bxc3 46. Kc2 Bg7 47. Rh4 Rc3+ 48. Kd2 Rc4 49. Nxb6 Rxe4 50. Rh5 Rxb4 51. g5 Rd4+ 52. Kc2 Rd6 53. gxh6 Rxb6 54. hxg7 Kxg7 55. Kb3 1/2-1/2

[Event "Lisbon op"]
[Site "Lisbon"]
[Date "2001.08.25"]
[Round "5"]
[White "Carvalho, Alda"]
[Black "Santos Neto, Francisco Jose"]
[Result "0-1"]
[WhiteElo "2047"]
[BlackElo "2238"]
[PlyCount "114"]
[EventDate "2001.08.21"]
[EventType "swiss"]
[EventRounds "9"]
[EventCountry "POR"]
[SourceTitle "EXT 2002"]
[Source "ChessBase"]
[SourceDate "2001.11.25"]
[SourceVersion "1"]
[SourceVersionDate "2001.11.25"]
[SourceQuality "1"]

1. d4 f5 2. c4 Nf6 3. Nc3 e6 4. g3 d5 5. Nf3 c6 6. b3 Bb4 7. Bd2 Qa5 8. Nb1 Ne4 9. Bxb4 Qxb4+ 10. Nbd2 Nd7 11. Bg2 Ndf6 12. 0-0 Nc3 13. Qe1 Qa3 14. Ne5 Nce4 15. f3 Nxd2 16. Qxd2 0-0 17. Rae1 Qd6 18. Rf2 Nd7 19. Nxd7 Bxd7 20. e4 fxe4 21. fxe4 Rxf2 22. Qxf2 Rf8 23. Qe3 dxc4 24. bxc4 Qb4 25. Bf1 e5 26. d5 Bg4 27. Rc1 Qb2 28. Bg2 Qxa2 29. h3 Bd7 30. Qc5 Qd2 31. Rb1 b6 32. Qe7 Qd4+ 33. Kh2 Bc8 34. Qxa7 b5 35. Qxd4 exd4 36. cxb5 c5 37. b6 d3 38. Bf1 c4 39. Kg1 Bxh3 40. Bxd3 cxd3 41. b7 d2 42. Rd1 Rb8 43. Rxd2 Rxb7 44. Kf2 Kf7 45. Ke3 Kf6 46. Rh2 Rb3+ 47. Kd4 Rxg3 48. e5+ Ke7 49. Ra2 h5 50. Ra7+ Kf8 51. Ra8+ Kf7 52. Ra7+ Kg6 53. d6 Be6 54. d7 Rg1 55. Ra6 Kf5 56. Rd6 Rd1+ 57. Kc5 Rxd6 0-1

[Event "Lisbon op 5th"]
[Site "Lisbon"]
[Date "1999.11.15"]
[Round "3"]
[White "Carvalho, Alda"]
[Black "Frois, Antonio"]
[Result "0-1"]
[WhiteElo "2061"]
[BlackElo "2397"]
[PlyCount "78"]
[EventDate "1999.11.06"]
[EventType "swiss"]
[EventRounds "9"]
[EventCountry "POR"]
[SourceTitle "CBM 073 Extra"]
[Source "ChessBase"]
[SourceDate "2000.01.11"]
[SourceVersion "1"]
[SourceVersionDate "2000.01.11"]
[SourceQuality "1"]

1. e4 c5 2. Nf3 Nc6 3. d4 cxd4 4. Nxd4 g6 5. c4 Nf6 6. Nc3 d6 7. Be2 Nxd4 8. Qxd4 Bg7 9. Be3 0-0 10. Qd2 a6 11. 0-0 Be6 12. Rad1 Qa5 13. f3 Rfc8 14. b3 b5 15. Nd5 Qxd2 16. Rxd2 Bxd5 17. cxd5 Nd7 18. g4 Rc3 19. Kf2 Rac8 20. Rfd1 h6 21. Rd3 R3c7 22. h4 Kh7 23. R3d2 Bc3 24. Rd3 Ne5 25. f4 Nxd3+ 26. Bxd3 Bb2 27. h5 Bc1 28. hxg6+ fxg6 29. f5 Bxe3+ 30. Kxe3 Rc1 31. Rd2 Rg1 32. Kf3 gxf5 33. exf5 Kg7 34. Re2 Kf7 35. Re6 Rc3 36. Re3 Rd1 37. Ke4 Kf6 38. Kd4 b4 39. a3 bxa3 0-1

[Event "POR-chT"]
[Site "Portugal"]
[Date "1999.??.??"]
[Round "4"]
[White "Carvalho, Alda"]
[Black "Blalock, Rex E"]
[Result "1/2-1/2"]
[WhiteElo "2104"]
[BlackElo "2161"]
[PlyCount "58"]
[EventDate "1999.??.??"]
[EventType "team"]
[EventRounds "9"]
[EventCountry "POR"]
[SourceTitle "EXT 2001"]
[Source "ChessBase"]
[SourceDate "2000.11.22"]
[SourceVersion "1"]
[SourceVersionDate "2000.11.22"]
[SourceQuality "1"]

1. Nc3 c5 2. Nf3 Nc6 3. d4 cxd4 4. Nxd4 Nf6 5. Bg5 e6 6. e4 d6 7. Bc4 Be7 8. Qd2 a6 9. f3 0-0 10. h4 Qc7 11. Nxc6 Qxc6 12. Bb3 Qc7 13. 0-0-0 Rd8 14. g4 b5 15. h5 Bb7 16. Bf4 Rac8 17. g5 Ne8 18. g6 Bf6 19. gxh7+ Kh8 20. Ne2 a5 21. a4 bxa4 22. Bxa4 Qc4 23. Bxe8 Qa2 24. c3 Rxe8 25. h6 g6 26. Bg5 Be5 27. Bf4 Bf6 28. Bg5 Be5 29. Bf4 Bf6 1/2-1/2